00568nam a2200169 a 450000100100000000500170001000800410002704000250006808200180009310000460011124501260015726000300028330000360031365000230034904900090037299900170038100002347820200930022240.0101209s1981 sp ac r 000 0 spa d aDO-SdBNPbspacBNPHU a234.16bM357l1 aMarqués Suriñach, Juan,d1928-94837410aLuz del mundo II :bsacramentos, novísimos: (separata-formación religiosa extraescolar) /cJuan Marqués Suriñach. aMadrid :bSusaeta,c1981. a201 p. :bil., retrs. ;c20 cm. 4aSacramentos910990 aBNGR c22974d22974